International Trade Investment and Debt Management (Record no. 2327)

MARC details
000 -LEADER
fixed length control field 00400nam a2200133Ia 4500
008 - FIXED-LENGTH DATA ELEMENTS--GENERAL INFORMATION
fixed length control field 230312s9999||||xx |||||||||||||| ||und||
082 ## - DEWEY DECIMAL CLASSIFICATION NUMBER
Classification number 332.15
Item number INT
245 #0 - TITLE STATEMENT
Title International Trade Investment and Debt Management
260 ## - PUBLICATION, DISTRIBUTION, ETC.
Name of publisher, distributor, etc. Institute of Bankers Pakistan
Place of publication, distribution, etc. Karachi
Date of publication, distribution, etc. 1993
300 ## - PHYSICAL DESCRIPTION
Extent 340
546 ## - LANGUAGE NOTE
Language note Eng.
650 ## - SUBJECT ADDED ENTRY--TOPICAL TERM
Topical term or geographic name entry element Economics
Form subdivision International Trade Investment and Debt Management
942 ## - ADDED ENTRY ELEMENTS (KOHA)
Koha item type BOOK

No items available.

Powered by Koha